|
|
|
|
| LEADER |
00000nam a22000007a 4500 |
| 005 |
20171031152036.0 |
| 007 |
cr|||| |||| |
| 008 |
171031s2011 mx |||||s|||| 00||0 spa d |
| 020 |
|
|
|a 978-607-00-4486-1
|
| 035 |
|
|
|a 20783
|
| 040 |
|
|
|a vLex
|
| 090 |
|
|
|c 7171
|d 7171
|
| 245 |
0 |
0 |
|a BRICS
|h [Recurso electrn̤ico]:
|b El difc̕il camino entre el escepticismo y el asombro
|
| 256 |
|
|
|a Servicio en ln̕ea
|
| 260 |
|
|
|a Ciudad de Mx̌ico:
|b Cm̀ara de Diputados,
|c 2011
|
| 300 |
|
|
|a 1 recurso electrn̤ico (705p.)
|
| 506 |
1 |
|
|a Disponible solo en los productos indicados
|d vLex Global
|d vLex Global (Academic Edition, excluding Law Schools)
|d vLex Global (U.S. Academic Edition, Law Schools)
|d vLex Global (U.S. Academic Edition, excluding Law Schools)
|d vLex Global (Academic Edition, Law Schools)
|
| 650 |
0 |
4 |
|a Derecho internacional
|
| 740 |
0 |
|
|a vLex Libros (Servicio en ln̕ea)
|
| 856 |
4 |
0 |
|u http://vlex.com/source/brics-dificil-camino-escepticismo-asombro-20783
|z Acceso restringido
|
| 942 |
|
|
|c BOOK
|
| 999 |
0 |
|
|a International law
|